| 000 | 02565nam a22002657a 4500 | ||
|---|---|---|---|
| 003 | Uzh_bibl | ||
| 008 | 260421b |||||||| |||| 00| 0 ukr d | ||
| 020 |
_a978-966-408-365-9 _c164.25 |
||
| 040 | _bукр. | ||
| 041 |
_2rus _aukr |
||
| 080 | _a514 | ||
| 090 |
_a514 _bП 27 |
||
| 100 | _aПерельман, Яків | ||
| 245 |
_aЗахоплююча геометрія. _cПер. з рос. за ред. В.О. Тадеєва _hТекст |
||
| 260 |
_aТернопіль _bНавчальна книга-Богдан _c2018 |
||
| 300 |
_a288 с. _bІл. _fВ опр. |
||
| 490 | _aКласики популяризації науки; Країна Перельманія | ||
| 520 | _a«Захоплююча геометрія» Якова Перельмана – одна з найзахопливіших книжок про геометрію. У ній ця наука, за словами самого автора, «відривається від класної дошки», з якою тісно пов’язувалася у свідомості пересічного читача, й виводиться у вільний простір – у ліс, поле, до річки, на дорогу, а згодом – у далекі моря та захмарні глибини простору. Часто ці розповіді ілюструються уривками з творів класиків літератури та висловами великих учених. Прочитавши книгу, читач знатиме незмірно більше про застосування геометрії, ніж про це можна довідатися з десятків «шкільних» підручників та посібників. Книгу перекладено багатьма мовами світу. Українською виходить уперше. Видання зацікавить не тільки тих, хто вже любить і займається математикою, а й усіх, хто хотів би мати про неї правдиве уявлення, зокрема, знати про її справжнє місце у нашому житті. | ||
| 521 | _aДля широкого кола читачів | ||
| 546 | _aукр. | ||
| 650 | _aНавчальне видання | ||
| 653 |
_aГеометрія у лісі, полі, річці. _aГеометрія жартома. |
||
| 655 |
_aМатематика _vПосібник |
||
| 942 |
_2udc _cBK |
||
| 999 |
_c17418 _d17418 |
||